00428nam a2200157Ia 450000500170000000800410001704100080005808200190006610000140008524500360009926000450013530000080018050000290018865000280021770000250024520251118142702.0230125s9999 xx 000 0 und d aeng a158.1bBAP/APT aBapat S G aSamrudha vyaktimatva vikasakade c2005bDr S G Bapat and associationaPune a33p aPersonality Development, aPersonality Development aBapat S G & Apte S G